Dankó Pista 1858-1903
Elmentve itt :
| Dokumentumtípus: | Cikk |
|---|---|
| Megjelent: |
1969-10-30
|
| Sorozat: | Délmagyarország
59 No. 252 |
| Kulcsszavak: | Dankó Pista, Szobrászat Szeged 1969, szobrászat-emléktábla |
| Online Access: | http://dmarchiv.bibl.u-szeged.hu/61654 |
| LEADER | 00445nab a2200145 i 4500 | ||
|---|---|---|---|
| 001 | delm61654 | ||
| 005 | 20180927144518.0 | ||
| 008 | 180927s1969 hu o 0|| hun d | ||
| 040 | |a SZTE Délmagyarország Archívum |b hun | ||
| 041 | |a hun | ||
| 245 | 0 | 0 | |a Dankó Pista |h [elektronikus dokumentum] : |b 1858-1903 |
| 260 | |c 1969-10-30 | ||
| 300 | |a 5 | ||
| 490 | 0 | |a Délmagyarország |v 59 No. 252 | |
| 695 | |a Dankó Pista, Szobrászat Szeged 1969, szobrászat-emléktábla | ||